| 000 | 01737nam a2200325Ia 4500 | ||
|---|---|---|---|
| 003 | CO-CtgCURN | ||
| 005 | 20250408171907.0 | ||
| 008 | 190722s9999 xx 000 0 und d | ||
| 040 |
_aCO-CtgCURN _bspa _ccoctgcurn _erda |
||
| 082 |
_a330.986 _bB142c |
||
| 100 |
_aBáez Ramírez, Javier Eduardo _eautor _98468 |
||
| 245 | 0 |
_aEl crecimiento económico de Bolívar y la Región Caribe, 1980-1996 : _bla continuación de la divergencia / _cJavier Eduardo Báez Ramírez y Jorge Luis Alvis Arrieta |
|
| 260 |
_aCartagena de Indias, Bolívar : _bUniversidad Jorge Tadeo Lozano, _c2006 |
||
| 300 |
_a71 páginas ; _c30 centímetros |
||
| 336 | _2rdacontent | ||
| 337 | _2rdamedia | ||
| 338 | _2rdacarrier | ||
| 490 |
_aEstudios sobre la Costa Caribe; _v8 |
||
| 500 | _aIncluye índice | ||
| 501 | _aIncluye referencias bibliográficas (p.68-71) | ||
| 505 | _aCap.1. Desempeño económico departamental y regional, 1980-1996 -- Cap.2. Análisis sectorial del crecimiento económico departamental -- Cap.3. Modelos de crecimiento económico nacional y regional, 1980-1996 -- Cap.4. Educación, infraestructura y estructura sectorial como alternativa al entendimiento de la divergencia regional -- Cap.5. Una contextualización regional de los resultados | ||
| 521 | _aAREA SOCIOHUMANISTICA | ||
| 590 | _aTodos los programas académicos | ||
| 650 |
_aDesarrollo económico _98469 _xInvestigaciones _zCosta Atlántica |
||
| 650 |
_aDesarrollo económico _xInvestigaciones _z Bolívar (Colombia) _98570 |
||
| 650 |
_aEconomía _98470 _xInvestigaciones |
||
| 700 |
_aAlvis Arrieta, Jorge Luis _98471 _eautor |
||
| 942 |
_cBK _h330.986 _iB142c _2ddc _n0 |
||
| 999 |
_c27941 _d27941 |
||